Vida de San Juan de Dios

Uloženo v:
Podrobná bibliografie
Hlavní autor: Pozo, Luciano del (Autor)
Médium: Kniha
Jazyk:španělština
Vydáno: Madrid Imprenta del Asilo de Huérfanos 1913
Vydání:4a. ed
Témata:
Tagy: Přidat tag
Žádné tagy, Buďte první, kdo vytvoří štítek k tomuto záznamu!

MARC

LEADER 00000nam a2200000 a 4500
001 UCI4433
003 CL-VaPUC
008 080118e19130000SP |||||||||||||||||spa|d
082 0 4 |a 922.22  |b POZ  |2 21 
100 0 |a Pozo, Luciano del  |e author  |9 526347 
245 1 0 |a Vida de San Juan de Dios 
250 |a 4a. ed 
300 |a 272 p 
942 |c BK 
945 |d 20080118 00:00:00  |a rbrito 
260 |a Madrid  |b Imprenta del Asilo de Huérfanos  |c 1913 
500 |a Donación Padres Capuchinos 
600 0 7 |a SAN JUAN DE DIOS  |2 CL-VaPUC  |9 483560 
650 0 |a Biografías  |9 255210 
650 7 |a SANTOS  |2 CL-VaPUC  |9 313738 
650 0 |a Vida religiosa  |9 257284 
583 |a last modification  |c 20080118 00:00:00  |k Rodrigo Vera 
999 |c 328375  |d 328373 
952 |0 0  |1 0  |4 0  |6 922_220000000000000_POZ_1913  |7 0  |8 X  |9 412242  |a FDOBUD  |b FDOBUD  |d 2019-11-22  |i 4401875  |o 922.22 POZ 1913  |p 4401875  |r 2019-11-22  |w 2019-11-22  |y BK_X  |k BUD